<?xml version="1.0" encoding="UTF-8"?>
<record
    xmlns:xsi="http://www.w3.org/2001/XMLSchema-instance"
    xsi:schemaLocation="http://www.loc.gov/MARC21/slim http://www.loc.gov/standards/marcxml/schema/MARC21slim.xsd"
    xmlns="http://www.loc.gov/MARC21/slim">

  <leader>01523nam a2200313Ia 4500</leader>
  <datafield tag="999" ind1=" " ind2=" ">
    <subfield code="c">4043</subfield>
    <subfield code="d">4043</subfield>
  </datafield>
  <controlfield tag="003">OSt</controlfield>
  <controlfield tag="005">20200504121035.0</controlfield>
  <controlfield tag="008">191128s2010    ck ao  gr     000 0dspa d</controlfield>
  <datafield tag="020" ind1=" " ind2=" ">
    <subfield code="a">9789587196122</subfield>
  </datafield>
  <datafield tag="040" ind1=" " ind2=" ">
    <subfield code="a">CO-JMCCR</subfield>
    <subfield code="c">CO-JMCCR</subfield>
  </datafield>
  <datafield tag="041" ind1="0" ind2=" ">
    <subfield code="a">spa</subfield>
  </datafield>
  <datafield tag="082" ind1="0" ind2="4">
    <subfield code="a">305.8 / </subfield>
    <subfield code="b">M912d</subfield>
  </datafield>
  <datafield tag="100" ind1="1" ind2=" ">
    <subfield code="a">Mosquera Rosero, Claudia, </subfield>
    <subfield code="e">editora</subfield>
    <subfield code="9">3848</subfield>
  </datafield>
  <datafield tag="245" ind1="1" ind2="0">
    <subfield code="a">Debates sobre ciudadan&#xED;a y pol&#xED;ticas raciales en las am&#xE9;ricas negras /</subfield>
    <subfield code="c">Claudia Mosquera Rosero-Labb&#xE9;, Agust&#xED;n La&#xF3;-Montes, C&#xE9;sar Rodr&#xED;guez Garavito, editores y coautores</subfield>
  </datafield>
  <datafield tag="260" ind1=" " ind2=" ">
    <subfield code="a">Bogot&#xE1; : </subfield>
    <subfield code="b">Universidad Nacional de Colombia, </subfield>
    <subfield code="c">2010</subfield>
  </datafield>
  <datafield tag="300" ind1=" " ind2=" ">
    <subfield code="a">922 p&#xE1;ginas : </subfield>
    <subfield code="b">fotograf&#xED;as a color ; </subfield>
    <subfield code="c">24 cm.</subfield>
  </datafield>
  <datafield tag="500" ind1=" " ind2=" ">
    <subfield code="a">Incluye &#xED;ndice anal&#xED;tico. </subfield>
  </datafield>
  <datafield tag="504" ind1=" " ind2=" ">
    <subfield code="a">Incluye bibliograf&#xE1;s.</subfield>
  </datafield>
  <datafield tag="505" ind1=" " ind2=" ">
    <subfield code="a">Modernidad, globalizaci&#xF3;n y formaciones raciales -- Raza en la historia y sociedad colombiana -- Naci&#xF3;n y ciudadan&#xED;a -- Racismo y derecho</subfield>
  </datafield>
  <datafield tag="520" ind1=" " ind2=" ">
    <subfield code="a">Los cap&#xED;tulos de este volumen nos invitan a repensar el papel que desempe&#xF1;an la realizaci&#xF3;n en las sociedades de las &lt;&lt;Am&#xE9;ricas negras&gt;&gt;. Tradicionalmente - y en especial en los discursos nacionalistas de los pa&#xED;ses latinoamericanos.</subfield>
  </datafield>
  <datafield tag="650" ind1="1" ind2="4">
    <subfield code="a">Problemas raciales </subfield>
    <subfield code="9">3849</subfield>
  </datafield>
  <datafield tag="650" ind1="2" ind2="4">
    <subfield code="a">Racismo Ciudadan&#xED;a </subfield>
    <subfield code="9">3850</subfield>
  </datafield>
  <datafield tag="650" ind1="2" ind2="4">
    <subfield code="a">Discriminaci&#xF3;n racial</subfield>
    <subfield code="9">3851</subfield>
  </datafield>
  <datafield tag="700" ind1="1" ind2=" ">
    <subfield code="a">Mosquera Rosero-Labb&#xE9;, </subfield>
    <subfield code="e">editor</subfield>
    <subfield code="9">3852</subfield>
  </datafield>
  <datafield tag="700" ind1="1" ind2=" ">
    <subfield code="a">Claudia Patricia, editor </subfield>
    <subfield code="9">3853</subfield>
  </datafield>
  <datafield tag="700" ind1="1" ind2=" ">
    <subfield code="a">La&#xF3;-Montes, Agustin, </subfield>
    <subfield code="e">editor</subfield>
    <subfield code="9">3854</subfield>
  </datafield>
  <datafield tag="700" ind1="1" ind2=" ">
    <subfield code="a">Rodr&#xED;guez Garavito, C&#xE9;sar A., </subfield>
    <subfield code="e">editor</subfield>
    <subfield code="9">3855</subfield>
  </datafield>
  <datafield tag="942" ind1=" " ind2=" ">
    <subfield code="2">ddc</subfield>
    <subfield code="c">BK</subfield>
  </datafield>
  <datafield tag="952" ind1=" " ind2=" ">
    <subfield code="0">0</subfield>
    <subfield code="1">0</subfield>
    <subfield code="2">ddc</subfield>
    <subfield code="3">Donaci&#xF3;n--24/08/2018--</subfield>
    <subfield code="4">0</subfield>
    <subfield code="7">0</subfield>
    <subfield code="a">CPL</subfield>
    <subfield code="b">CPL</subfield>
    <subfield code="c">GEN</subfield>
    <subfield code="d">2019-11-28</subfield>
    <subfield code="e">Donaci&#xF3;n</subfield>
    <subfield code="g">0.00</subfield>
    <subfield code="l">1</subfield>
    <subfield code="o">305.8 / M912d </subfield>
    <subfield code="p">201808840</subfield>
    <subfield code="r">2026-02-11 16:31:00</subfield>
    <subfield code="s">2026-02-11</subfield>
    <subfield code="t">Ej.1</subfield>
    <subfield code="w">2019-11-28</subfield>
    <subfield code="y">BK</subfield>
  </datafield>
</record>
